000 00532nam a2200217Ia 4500
003 OSt
005 20140313093357.0
008 140130s9999 xx 000 0 und d
020 _a0590484206
050 _aPZ 7
_b.B7633Cf 1994
100 _aBridwell, Norman
245 _aClifford's First Christmas /
_cNorman Bridwell.
260 _bScholastic,
_c1994.
_aNew York :
300 _a30 p. :
_bcol. ill. ;
_c19 cm.
440 _v1
521 _aG2
526 _c400
942 _cBK
_2lcc
999 _c40233
_d40233